<?xml version="1.0" encoding="UTF-8"?>
<record
    xmlns:xsi="http://www.w3.org/2001/XMLSchema-instance"
    xsi:schemaLocation="http://www.loc.gov/MARC21/slim http://www.loc.gov/standards/marcxml/schema/MARC21slim.xsd"
    xmlns="http://www.loc.gov/MARC21/slim">

  <leader>004360000a22001810004500</leader>
  <datafield tag="082" ind1=" " ind2=" ">
    <subfield code="a">575.1 GUP/GE</subfield>
  </datafield>
  <datafield tag="100" ind1=" " ind2=" ">
    <subfield code="a">GUPTA, P K</subfield>
    <subfield code="f">Author</subfield>
  </datafield>
  <datafield tag="245" ind1=" " ind2=" ">
    <subfield code="a">GENETICS</subfield>
  </datafield>
  <datafield tag="250" ind1=" " ind2=" ">
    <subfield code="a">3</subfield>
  </datafield>
  <datafield tag="260" ind1=" " ind2=" ">
    <subfield code="a">MEERUT, RASTOGI PUBLICATIONS</subfield>
  </datafield>
  <datafield tag="260" ind1=" " ind2=" ">
    <subfield code="c">2003</subfield>
  </datafield>
  <datafield tag="300" ind1=" " ind2=" ">
    <subfield code="a">pages 611</subfield>
  </datafield>
  <datafield tag="650" ind1=" " ind2=" ">
    <subfield code="a">MENDELS LAWS OF INHERITANCE</subfield>
  </datafield>
  <datafield tag="650" ind1=" " ind2=" ">
    <subfield code="a">MULTIPLE ALLELES</subfield>
  </datafield>
  <datafield tag="650" ind1=" " ind2=" ">
    <subfield code="a">PHYSICAL BASIS OF HERIDITY</subfield>
  </datafield>
  <datafield tag="650" ind1=" " ind2=" ">
    <subfield code="a">QUANTITATIVE INHERITANCE</subfield>
  </datafield>
  <datafield tag="942" ind1=" " ind2=" ">
    <subfield code="c">BK</subfield>
  </datafield>
  <datafield tag="999" ind1=" " ind2=" ">
    <subfield code="c">296551</subfield>
    <subfield code="d">296551</subfield>
  </datafield>
  <datafield tag="952" ind1=" " ind2=" ">
    <subfield code="0">0</subfield>
    <subfield code="1">0</subfield>
    <subfield code="2">ddc</subfield>
    <subfield code="4">0</subfield>
    <subfield code="7">0</subfield>
    <subfield code="a">KAUCOAP</subfield>
    <subfield code="b">KAUCOAP</subfield>
    <subfield code="d">2013-07-24</subfield>
    <subfield code="l">3</subfield>
    <subfield code="o">576.5 GUP/GE</subfield>
    <subfield code="p">KAU_COAP-02690</subfield>
    <subfield code="r">2024-03-19 00:00:00</subfield>
    <subfield code="s">2024-03-01</subfield>
    <subfield code="w">2013-07-24</subfield>
    <subfield code="y">BK</subfield>
  </datafield>
  <datafield tag="952" ind1=" " ind2=" ">
    <subfield code="0">0</subfield>
    <subfield code="1">0</subfield>
    <subfield code="2">ddc</subfield>
    <subfield code="4">0</subfield>
    <subfield code="7">0</subfield>
    <subfield code="a">KAUCOAP</subfield>
    <subfield code="b">KAUCOAP</subfield>
    <subfield code="d">2016-03-14</subfield>
    <subfield code="l">0</subfield>
    <subfield code="o">576.5 GUP/GE</subfield>
    <subfield code="p">KAU_COAP-02369</subfield>
    <subfield code="r">2016-03-14 00:00:00</subfield>
    <subfield code="w">2016-03-14</subfield>
    <subfield code="y">BK</subfield>
  </datafield>
</record>
